NFL Week 9 Fantasy Leaders 2024-2025 - Statistics

General Stats
  • This quiz has been taken 124 times
  • The average score is 10 of 20
Answer Stats
Position Points Player % Correct
RB 26.3 Derrick Henry
79%
QB 23.6 Lamar Jackson
76%
RB 32.9 Saquon Barkley
74%
RB 26.7 Chase Brown
71%
QB 23.1 Josh Allen
70%
QB 30.1 Joe Burrow
67%
QB 24.5 Patrick Mahomes
62%
QB 25.1 Geno Smith
61%
QB 29.9 Jalen Hurts
56%
WR 30 Garrett Wilson
46%
WR 27.4 Demarcus Robinson
43%
WR 37 Jaxon Smith-Njigba
42%
RB 32.1 De'Von Achane
39%
WR 29.7 Zay Flowers
37%
QB 24.4 Daniel Jones
33%
RB 27.5 Alvin Kamara
31%
WR 28.6 DeAndre Hopkins
28%
TE 27 Mike Gesicki
26%
WR 23.3 Courtland Sutton
15%
RB 24.5 JK Dobbins
12%
No matching quizzes found
Score Distribution
Percent of People with Each Score
Percentile by Number Answered
Your Score History
You have not taken this quiz